Εισαγωγή στη θεωρία τελεστών
Αποθηκεύτηκε σε:
| Κύριος συγγραφέας: | |
|---|---|
| Μορφή: | Βιβλίο |
| Γλώσσα: | Greek |
| Δημοσίευση: |
Αθήνα :
Συμμετρία,
2008
|
| Θέματα: | |
| Ετικέτες: |
Προσθήκη ετικέτας
Δεν υπάρχουν, Καταχωρήστε ετικέτα πρώτοι!
|
MARC
| LEADER | 00000nam a2200000 a 4500 | ||
|---|---|---|---|
| 001 | 1/109549 | ||
| 008 | 160113s2008####gr | ||| |||||||gre|| | ||
| 020 | |a 9789602662281 | ||
| 040 | |a GR-MyUa |b gre |c GR-MyUa |e AACR2 | ||
| 041 | 0 | |a gre | |
| 082 | 7 | |a 515.724 |2 (23) | |
| 100 | 1 | |a Κατάβολος, Αριστείδης. | |
| 245 | 1 | 0 | |a Εισαγωγή στη θεωρία τελεστών / |c Αριστείδης Κατάβολος. |
| 260 | |a Αθήνα : |b Συμμετρία, |c 2008 | ||
| 300 | |a vi, 225 σ. ; |c 24 εκ. | ||
| 504 | |a Βιβλιογραφία: σ. 217-218. Ερετήρια. | ||
| 650 | 0 | |a Operator theory. | |
| 852 | |a INST |b SAMOS |c EUDOXUS |e 20160113 |h 515.724 ΚΑΤ |p 005300043202 |q 005300043202 |t EDX |y 23 | ||
| 852 | |a INST |b SAMOS |c EUDOXUS |e 20160113 |h 515.724 ΚΑΤ |p 005300043203 |q 005300043203 |t EDX |y 0 | ||
| 852 | |a INST |b SAMOS |c EUDOXUS |e 20160113 |h 515.724 ΚΑΤ |p 005300043204 |q 005300043204 |t EDX |y 0 | ||
| 852 | |a INST |b SAMOS |c EUDOXUS |e 20170117 |h 515.724 ΚΑΤ |p 005300044166 |q 005300044166 |t EDX |y 0 | ||
| 852 | |a INST |b SAMOS |c EUDOXUS |e 20170117 |h 515.724 ΚΑΤ |p 005300044167 |q 005300044167 |t EDX |y 0 | ||
| 920 | |a Εύδοξος |b Παραγγελία |y Σάμος-Μαθηματικών |z 2016-01 | ||
| 920 | |a Εύδοξος |b Παραγγελία |y Σάμος-ΤΣΑΧΜ |z 2017-01 | ||
| 970 | |a Κοσιέρης |b Χρήστος |z 13-01-2015 | ||